Statistics for Top 10 Liverpool Premier League Most Assists

Click here to take the quiz!

General Stats

  • This quiz has been taken 302 times
    (234 since last reset)
  • The average score is 8 of 11

Answer Stats

PlayerAssists% Correct
Steven Gerrard100
98%
Mohamed Salah58
97%
Sadio Mané29
94%
Roberto Firmino50
92%
Andrew Robertson53
78%
Trent Alexander-Arnold54
78%
Jordan Henderson45
77%
Michael Owen37
69%
Philippe Coutinho37
55%
Dirk Kuyt29
54%
Steve McManaman63
35%

Score Distribution

Percentile by Number Answered

Percent of People with Each Score

Your Score History

You have not taken this quiz since the last reset